LEADER 01974nam a2200277 a 4500 001 000000117035 003 CaOOAMICUS 005 20090918113736.0 008 090918s1576 sz u001 u lat r 026 $ao.n- e.ci$batbi Hole (C)$c1576 (R) 040 $aPUL$bita$dRoss 100 1 $aFicino, Marsilio,$d1433-1499.$0(OLS)http://pul/name/13395 245 10$aSententiae pulcherrimae cum multarum rerum definitionibus: ex Marsilij Ficini Florentini ... operibus collectae, secundum alphabetum distributae per Adamum Henricum Petri. . 260 $aBasileae :$b[s.n.],$c1561. 300 $a[20] c. ;$cfol. (32 cm) 500 $aTesto su due colonne. 500 $aSegnatura: [alfa]-[beta]6 [gamma]8 662 $aSvizzera$dBasilea.$0(OLS)http://pul/subject/37030 700 1 $aPetri, Adam Heinrich,$dfl. 1576.$0(OLS)http://pul/name/72893 710 0 $aPetri, Adam$4pbl.$0(OLS)http://pul/name/72894 787 0 $aFicino, Marsilio 1433-1499.$tMarsilij Ficini Florentini ... opera, et quae hactenus extitere, et quae in lucem nunc primum prodiere omnia: ... in duos tomos digesta, et ab innumeris mendis hac postrema editione castigata: ... Una cum Gnomologia, hoc est, Sententiarum ex iisdem operibus collectarum farragine copiosissima, in calce totius voluminis adiecta.$dBasileae : ex officina Henricpetrina , [1576]$w()117036 850 $aPUL 852 $aPUL$W1$xDP1 Antico 500$y12$m82 H 13 int.1$j134244$qStampati Antico$B133227$CPULBib$Z2$F133227 $82 961 $aTimbro della "Biblioteca Pia Pont. Seminarii Romani" sul front.Precedente appartenenza: Monastero di S. Alessio (S. A.).Ms. Sul front.: "Ex coenobij S. Nicolaj De Arenis [...]".Precedenti coll.: V I 5; C.m.6. 996 $6245$aSententiae pulcherrimae cum multarum rerum definitionibus: ex Marsilij Ficini Florentini ... operibus collectae, secundum alphabetum distributae per Adamum Henricum Petri. $9(OLS)http://pul/title/147230 996 $6260$aBasileae :$b[s.n.]$9(OLS)http://pul/publisher/80658 LEADER 01690nam a2200385 a 4500 001 000000171726 003 CaOOAMICUS 005 20190403113854.0 008 190403s2019 it 001 u ita r 020 $a978-88-452-9916-2* 032 $aLibriCat 040 $aPUL$bita 041 1 $aita$hgrc 100 0 $aMaximus Tyrius,$dsec. II.$0(OLS)http://pul/name/110254 240 10$aPhilosophumena$lItaliano.$0(OLS)http://pul/title/212566 245 10$aDissertazioni /$cMassimo di Tiro ; saggio introduttivo, traduzione, note e apparati di Selene I.S. Brumana. 260 $aFirenze :$bGiunti,$cİ2019$aMilano :$bBompiani 300 $a927 p.;$b$c21 cm. 490 1 $aBompiani Il pensiero occidentale 504 $aBibliografia in nota e alle pag. 837-886. 546 $aTesto greco e traduzione italiana a fronte. 650 4$aPlatonismo$ySec. II.$0(OLS)http://pul/subject/43564 650 4$aFilosofia antica$xStoria.$0(OLS)http://pul/subject/14055 700 1 $aBrumana, Selene Iris Siddhartha.$0(OLS)http://pul/name/110255 830 0$aBompiani Il pensiero occidentale.$0(OLS)http://pul/title/99836 850 $aPUL 852 $aPUL$W1$xSL Filosofia 3$y81$m190 COLL 2.231$j195525$qDDC 21$B200388$CPULBib$Z2$F200388 $H132539 $82 900 $aMassimo di Tiro,$dsec. II$9110254 941 1 $a9 983 3$aIl pensiero occidentale (Bompiani) 996 $6020$a978-88-452-9916-2*$9(OLS)http://pul/number/165945 996 $6245$aDissertazioni$9(OLS)http://pul/title/212564 996 $6260$aFirenze :$bGiunti$9(OLS)http://pul/publisher/64498 996 $6260$aMilano :$bBompiani$9(OLS)http://pul/publisher/48240